Á lódáil...

Molybdenum nutrition in rice

Sonraí Bibleagrafaíochta
Príomhúdar: Dasgupta, D K
Formáid: Printed Book
Teanga:Undetermined
English
Sraith:1978
Ábhair:
LEADER 00516nam a2200157Ia 4500
008 140306s9999 xx 000 0 und d
041 |a eng 
082 |a 640  |b DAS/MO 
100 |a Dasgupta, D K 
245 |a Molybdenum nutrition in rice 
400 |b Today and Tomarrow's Printers and Publishers 
440 |a 1978 
650 |a Homescience 
942 |2 ddc  |c BK 
999 |c 112111  |d 112111 
952 |0 0  |1 0  |2 ddc  |4 0  |6 640_000000000000000_DASMO  |7 0  |9 109863  |a KAUHCV  |b KAUHCV  |d 2004-04-06  |o 640 DAS/MO  |p KAU_HCV-8612  |r 2014-03-22  |w 2014-03-22  |y BK